| 000 | 00751nam a22002297a 4500 | ||
|---|---|---|---|
| 999 |
_c303 _d303 |
||
| 003 | AR-CdUCM | ||
| 008 | 190222b ||||| |||| 00| 0 spa d | ||
| 020 | _a847076036 | ||
| 040 |
_aMUNICIPALIDAD PROVINCIAL DEL CUSCO _cBIBLIOTECA MUNICIPAL DEL CUSCO |
||
| 082 |
_a858.8 / _bSA164 |
||
| 100 |
_aSalgari, Emilio _9800 |
||
| 245 | _aHonorata de Wan-Guld / | ||
| 260 |
_aMadrid : _bGahe, _c1975. |
||
| 300 |
_a180 paginas ; _b9 Ilustraciones. _c20 cm. |
||
| 505 | _aVeracruz -- Tiros y estocadas -- El asalto de Veracruz -- La marquesa de Bermejo -- El asalto a San Juan de la Luz... | ||
| 650 |
_aFilibusteros _91243 |
||
| 650 |
_aMadera _91244 |
||
| 650 |
_aPlaya _91245 |
||
| 650 |
_aBrisa _91246 |
||
| 942 |
_2ddc _cLIBROS |
||
| 945 |
_awnts _d2019-02-22 |
||